00823nam a22002057a 4500003000400000008004100004020001800045082002100063245011000084260005600194300001600250650002000266650004900286650006100335700002000396700001900416942001200435999001700447952015300464OSt260622b |||||||| |||| 00| 0 eng d a9789353872113 a305.420285bS13W aWomen Empowerment Socio Economic Transformation in the Digital Age / edited by Shilpi Saini, Neelam Joshi aDelhi : b Satish Serial Publishing House, c2026. axii, 145 p. aSocial Sciences aSocial groups (Sociology of specific groups) aSocial position and status of women (Women Empowerment ) aSaini, Shilpi  aJoshi, Neelam  2ddccBK c52198d52198 00102ddc4070aRAUbRAUcGENd2026-06-22eIBPSS, g1850.00l0o305.420285 S13Wp87093r2026-06-22w2026-01-28yBKkInvoice No. IBPS/021/2025-26,